书目信息 |
| 题名: |
消防工程施工现场常见问题详解
|
|
| 作者: | 石敬炜 主编 | |
| 分册: | ||
| 出版信息: | 北京 知识产权出版社 2013 |
|
| 页数: | 131页 | |
| 开本: | 26cm | |
| 丛书名: | 建筑工程施工现场常见问题详解系列丛书 | |
| 单 册: | ||
| 中图分类: | TU892 | |
| 科图分类: | ||
| 主题词: | 消防设备--建筑安装工程--工程施工 , 消防设备 , 工程施工 , 建筑安装 | |
| 电子资源: | ||
| ISBN: | 978-7-5130-1900-2 | |
| 000 | 00928oam2 2200277 450 | |
| 001 | 141521 | |
| 005 | 20141111101312.67 | |
| 010 | @a978-7-5130-1900-2@dCNY 35.00 | |
| 100 | @a20130923d2013 em y0chiy50 ea | |
| 101 | 0 | @achi |
| 102 | @aCN@b110000 | |
| 105 | @aa z 000yy | |
| 200 | 1 | @a消防工程施工现场常见问题详解@9xiao fang gong cheng shi gong xian chang chang jian wen ti xiang jie@b专著@f石敬炜主编 |
| 210 | @a北京@c知识产权出版社@d2013 | |
| 215 | @a131页@c图@d26cm | |
| 225 | 2 | @a建筑工程施工现场常见问题详解系列丛书 |
| 330 | @a本书内容包括:火灾报警与消防联运系统施工、消火栓系统施工、自动喷水灭火系统施工、其他消防灭火系统施工消防电气系统施工。 | |
| 461 | 0 | @1001006788346 |
| 606 | 0 | @a消防设备@x建筑安装工程@x工程施工 |
| 606 | 0 | @a消防设备 |
| 606 | 0 | @a工程施工 |
| 606 | 0 | @a建筑安装 |
| 690 | @aTU892@v5 | |
| 701 | 0 | @a石敬炜@9shi jing wei@4主编 |
| 801 | 0 | @c20141111 |
| 905 | @a241430@dTU892@eS525 | |
| 消防工程施工现场常见问题详解/石敬炜主编.-北京:知识产权出版社,2013 |
| 131页:图;26cm.-(建筑工程施工现场常见问题详解系列丛书) |
| ISBN 978-7-5130-1900-2:CNY 35.00 |
| 本书内容包括:火灾报警与消防联运系统施工、消火栓系统施工、自动喷水灭火系统施工、其他消防灭火系统施工消防电气系统施工。 |
| ● |
| 相关链接 |
|
|
|
正题名:消防工程施工现场常见问题详解
索取号:TU892/S525
 
预约/预借
| 序号 | 登录号 | 条形码 | 馆藏地/架位号 | 状态 | 备注 |
| 1 | 0838179 | 208381794 | 建筑库201/201建筑库 86排2列5层/ [索取号:TU892/S525] | 在馆 | |
| 2 | 0838180 | 208381801 | 建筑库201/201建筑库 86排2列5层/ [索取号:TU892/S525] | 在馆 | |
| 3 | 0838181 | 208381810 | 建筑库201/201建筑库 86排2列5层/ [索取号:TU892/S525] | 在馆 |